000 00863nam a2200277 a 4500
008 951213s1983||||[C 0 slo c
020 _c13,40 Kčs.
_q(3000 výtl.)
040 _aSNK
_bslo
_cSNK
_eAACR2
041 1 _aslo
_hslo
044 _axo
_cSK
080 _a17:323.32(082)
080 _a323.32(082)
080 _a323.32
080 _a17(082)
100 1 _aMarx, Karl
_4aut
245 1 0 _aO malomeštiactve
_bZborník statí a úryvkov
_cKarl Marx, Friedrich Engels, Vladimir Iľjič Lenin ; Ján Lukáš Veverka, Oto Takáč
250 _a1., vyd.
260 _aBratislava
_bPravda
_c1983
_eBratislava
_fPravda
300 _a389 s., 15,30 AH
_c21 cm
500 _aPozn. Vec. reg.
700 1 _aEngels, Friedrich
_4aut
700 1 _aLenin, Vladimir Iľjič
_4aut
700 1 _aVeverka, Ján Lukáš
_4com
700 1 _aTakáč, Oto
_4bkd
958 _aA
999 _c15555
_d15555